| 000 | 00991nam a2200265 c 4500 | ||
|---|---|---|---|
| 003 | BLK | ||
| 005 | 20240212090721.0 | ||
| 008 | 180411b bul|||||r ||||||| ||bul|| | ||
| 020 | _a9780743261678 | ||
| 040 | _aBLK | ||
| 041 |
_aENG _cENG |
||
| 080 |
_aМетоди на управление. Мениджмънт. Анализи, планиране, ръководство, сътрудничество, контрол, коопериране и др. _b005.5 _z005.5 |
||
| 100 | 1 |
_aBuckingham, Marcus _eпърви автор _96357 |
|
| 139 |
_aBuckingham, Marcus _bB 92 |
||
| 245 | 1 | 0 |
_aGo put your strengths to work _b6 powerful steps to achieve outstanding performance _cMarcus Buckingham |
| 260 |
_bFree Press _c2007 _9220264 _aNew York _n978-0-7432- |
||
| 300 |
_aХII, 270 p. _c24 cm |
||
| 380 | _a0 | ||
| 650 | 4 |
_aМениджмънт _9161870 |
|
| 653 | _aмениджмънт | ||
| 653 | _aуправление | ||
| 856 | 4 | _qpdf | |
| 856 | 4 | _qpdf | |
| 942 |
_cKNG _n0 _02 _s1 |
||
| 999 |
_c503323 _d503323 |
||
| 944 |
_a30545 _cНора Радева _k30545 _lНора Радева |
||